| 000 | 00701nam a2200217 4500 | ||
|---|---|---|---|
| 999 |
_c14676 _d14676 |
||
| 003 | MIRAKIL | ||
| 005 | 20211213120515.0 | ||
| 008 | 211213b tu ||||| |||| 00| 0 tur d | ||
| 040 |
_aTR-AnCHP _cTR-AnCHP |
||
| 041 | _atur | ||
| 082 |
_a342.561 _bT85s 1975 |
||
| 100 | 1 | _aTunaya, Tarık Zafer | |
| 245 | 1 | 0 |
_aSiyasi müesseseler ve anayasa hukuku / _cTarık zafer Tunaya |
| 250 | _a3 bs. | ||
| 260 |
_aİstanbul: _bİstanbul Üniversitesi Yayınları, _c1975. |
||
| 300 |
_a789 s.: _c24 sm. |
||
| 490 | 0 |
_aİstanbul Üniversitesi Yayınları; _aHukuk Fakültesi Yayınları; _v2047. _v454. |
|
| 504 | _aBibliyografik bilgi içerir. | ||
| 650 | 0 |
_95811 _aAnayasa Hukuku _xTürkiye |
|
| 942 |
_2ddc _cBKS |
||